[Event "Cap d'Agde KO"]
[Site "Cap d'Agde"]
[Date "1998.10.28"]
[Round "1.2"]
[White "Bacrot, Etienne"]
[Black "Rogers, Ian"]
[Result "1-0"]
[WhiteElo "2555"]
[BlackElo "2605"]

1.d4 d6 2.Nf3 g6 3.c4 Bg7 4.Nc3 e5 5.e4 Bg4 6.d5 Nd7 7.h3 Bxf3 8.Qxf3 a5
9.h4 Bh6 10.Bxh6 Nxh6 11.Be2 Qf6 12.Qxf6 Nxf6 13.Kd2 c6 14.Rag1 Nd7 15.g4 f6
16.g5 fxg5 17.h5 Nf7 18.hxg6 hxg6 19.Rxh8+ Nxh8 20.Rxg5 Ke7 21.Ke3 Rf8 22.Rg1 Rf4
23.a3 Rh4 24.dxc6 bxc6 25.b4 Rh3+ 26.f3 Kf6 27.b5 cxb5 28.Nd5+ Kg7 29.cxb5 Nf7
30.Ne7 Kf6 31.Nd5+ Kg7 32.Ne7 Nd8 33.Bc4 Nb6 34.Bd5 Kf6 35.Ng8+ Kg7 36.Ne7 Nxd5+
37.Nxd5 Ne6 38.b6 Nd4 39.Rf1 Rh2 40.Rb1 Ra2 41.b7 Rxa3+ 42.Kf2 Nc6 43.b8=Q Nxb8
44.Rxb8 a4 45.Ra8 Ra1 46.Nc3 a3 47.Nb5 a2 48.Nc3 Rc1 49.Nxa2 Ra1 50.Ra6 Kh6
51.Nb4  1-0

[Event "Cap d'Agde KO"]
[Site "Cap d'Agde"]
[Date "1998.10.28"]
[Round "1.1"]
[White "Rogers, Ian"]
[Black "Bacrot, Etienne"]
[Result "0-1"]
[WhiteElo "2605"]
[BlackElo "2555"]

1.b3 d5 2.e3 Nf6 3.Bb2 c5 4.Nf3 Nc6 5.Bb5 e6 6.O-O Bd6 7.Ne5 Qc7 8.f4 O-O
9.Bxc6 bxc6 10.Rf3 Nd7 11.Rh3 f6 12.Qh5 fxe5 13.Qxh7+ Kf7 14.Rg3 Ke8 15.Rxg7 Ba6
16.Na3 exf4 17.exf4 Kd8 18.Bc3 Kc8 19.Re1 d4 20.Bb2 Bxf4 21.d3 Bd2 22.Rd1 Qf4
23.h3 Qe3+ 24.Kh1 Be1 25.Rf7 Qe2 26.Rb1 Rxf7 27.Qxf7 Kc7 28.Qf3 Qxf3 29.gxf3 Bd2
30.Bc1 Bxc1 31.Rxc1 Rh8 32.Kg2 Nf6 33.Re1 Kd6 34.Nb1 Nd5 35.Nd2 Ne3+ 36.Kh2 Nxc2
37.Ne4+ Kc7 38.Rg1 Kb6 39.Rg7 Bxd3 40.Nd6 Ba6 41.a4 d3 42.a5+ Kxa5 43.Rxa7 Kb6
44.Rd7 Nd4 45.Ne4 Nxb3 46.Kg3 Nd4 47.h4 Nf5+ 48.Kf4 Rxh4+ 49.Ke5 Nd4 50.f4 Rh5+
51.Kf6 Rf5+ 52.Ke7 Rxf4  0-1

[Event "Cap d'Agde KO"]
[Site "Cap d'Agde"]
[Date "1998.10.29"]
[Round "2.1"]
[White "Karpov, Anatoly"]
[Black "Bacrot, Etienne"]
[Result "1-0"]
[WhiteElo "2725"]
[BlackElo "2555"]

1.Nf3 Nf6 2.c4 g6 3.Nc3 d5 4.cxd5 Nxd5 5.Qa4+ Bd7 6.Qc2 Nb4 7.Qb3 c5 8.a3 Be6
9.Qa4+ Bd7 10.Qd1 N4c6 11.e3 Bg7 12.Be2 O-O 13.O-O e5 14.Rb1 Bf5 15.d3 c4
16.e4 cxd3 17.Qxd3 Be6 18.Nd5 Nd4 19.Nxd4 exd4 20.Qb5 Nd7 21.Bf4 Bxd5 22.exd5 Qf6
23.Bc7 Nb6 24.d6 Rac8 25.Bg4 Rxc7 26.dxc7 Qf4 27.Bf3 Qxc7 28.Rbc1 Qb8 29.a4 Rd8
30.a5 Nd7 31.Qxb7 Qxb7 32.Bxb7 d3 33.Rfd1 Bxb2 34.Rb1 Bd4 35.Rxd3 Nc5 36.Rd2 Ne6
37.Kf1 Kg7 38.Rbd1 Rb8 39.Bd5 Bc3 40.Rc2 Bxa5 41.Bxe6 fxe6 42.Rd7+ Kf6 43.Rxa7 Rb1+
44.Ke2 Re1+ 45.Kf3  1-0

[Event "Cannes Generations"]
[Site "Cannes"]
[Date "1998.??.??"]
[Round "1"]
[White "Spassky, Boris V"]
[Black "Bacrot, Etienne"]
[Result "1/2-1/2"]
[WhiteElo "2535"]
[BlackElo "2565"]

1.c4 e5 2.Nc3 Nf6 3.Nf3 Nc6 4.g3 g6 5.Bg2 Bg7 6.d4 exd4 7.Nxd4 O-O 8.Nc2 d6
9.O-O Re8 10.Bd2 Ne5 11.b3 c6 12.Rc1 a5 13.h3 a4 14.Be3 axb3 15.axb3 Qc7
16.Qd2 Ned7 17.Bh6 Bh8 18.b4 Nb6 19.Ne3 Be6 20.Ncd5 Qd8 21.Nf4 d5 22.Rfd1 dxc4
23.Nxe6 Qxd2 24.Rxd2 c3 25.Rd3 Rxe6 26.Rcxc3 Bg7 27.Bxg7  1/2-1/2

[Event "Cannes Generations"]
[Site "Cannes"]
[Date "1998.??.??"]
[Round "2"]
[White "Bacrot, Etienne"]
[Black "Taimanov, Mark E"]
[Result "1/2-1/2"]
[WhiteElo "2565"]
[BlackElo "2490"]

1.e4 c5 2.Nf3 e6 3.d4 cxd4 4.Nxd4 Nc6 5.Nb5 d6 6.Bf4 e5 7.Be3 a6 8.N5c3 Nf6
9.Bc4 Be7 10.Nd5 Nxd5 11.Bxd5 O-O 12.Qd2 Be6 13.Nc3 Rc8 14.O-O Qc7 15.a4 Na5
16.Qd3 Nc4 17.Bc1 Rfe8 18.Bxe6 fxe6 19.Qh3 Bf6 20.Rd1 Na5 21.Be3 Nc4 22.Bc1 Na5
23.Be3 Nc4  1/2-1/2

[Event "Cannes Generations"]
[Site "Cannes"]
[Date "1998.??.??"]
[Round "4"]
[White "Bacrot, Etienne"]
[Black "Gligoric, Svetozar"]
[Result "1-0"]
[WhiteElo "2565"]
[BlackElo "2480"]

1.e4 e5 2.Nf3 Nc6 3.Bb5 a6 4.Ba4 Nf6 5.O-O Be7 6.Re1 b5 7.Bb3 d6 8.c3 O-O
9.h3 Nb8 10.d4 Nbd7 11.c4 c6 12.Nbd2 Qc7 13.a4 Rb8 14.cxb5 cxb5 15.axb5 axb5
16.Nf1 Nb6 17.Qd3 Nc4 18.Re2 d5 19.Nxe5 Nxe4 20.Bf4 Bd6 21.Ng3 Nxg3 22.Qxg3 Bf5
23.Ra6 Rb6 24.Rxb6 Nxb6 25.Ng6 Bxf4 26.Qxf4 Qxf4 27.Nxf4 Rd8 28.Re5 Bd7 29.Bxd5 Kf8
30.Bf3 Be8 31.d5 Nc4 32.Re2 Ra8 33.g4 Ra1+ 34.Kg2 Rb1 35.Nd3 f6 36.Be4 Bf7
37.f3 g6 38.Kf2 Nd6 39.Nf4 Rd1 40.Rc2 f5 41.gxf5 gxf5 42.Bd3 Ke7 43.Ke2 Ra1
44.Ke3 Kf6 45.Rc6 Ke5 46.Bxb5 Rb1 47.Be2 Ra1 48.Rc7 Ra8 49.Bd1 Re8 50.Ba4 Rb8
51.b3 Rb6 52.Nd3+ Kf6 53.Rc6  1-0

[Event "Cannes Generations"]
[Site "Cannes"]
[Date "1998.??.??"]
[Round "5"]
[White "Taimanov, Mark E"]
[Black "Bacrot, Etienne"]
[Result "0-1"]
[WhiteElo "2490"]
[BlackElo "2565"]

1.c4 e5 2.Nc3 Nf6 3.Nf3 Nc6 4.g3 g6 5.Bg2 Bg7 6.O-O O-O 7.d4 exd4 8.Nxd4 Re8
9.Nc2 d6 10.h3 a5 11.Be3 Bf5 12.Nd4 Be4 13.Nxe4 Nxe4 14.Nxc6 bxc6 15.Bd4 Rb8
16.Bxg7 Kxg7 17.Qc2 f5 18.e3 Qf6 19.Rab1 h5 20.h4 g5 21.hxg5 Qxg5 22.Rfd1 Kh6
23.Rd4 Re7 24.Bxe4 fxe4 25.Kg2 Qf5 26.Rh1 Qf3+ 27.Kg1 Rg8 28.Rh3 Rf7 29.Rd2 Rg5
30.Qd1 Qf5 31.Rh4 Qe5 32.Rh2 Rf3 33.Qe1 Rg4 34.Kh1 Qf5 35.Rd1 Kg6 36.Qe2 Kf7
37.Rg1 Ke6 38.b3 Qe5 39.Qd2 Qf6 40.Rgg2 Rf5 41.Qe2 Rfg5 42.Rh3 Qa1+ 43.Rg1 Qc3
44.Rg2 Qa1+ 45.Rg1 Qg7 46.Qd1 Kd7 47.Rg2 h4 48.gxh4 Rxg2 49.hxg5 Rxg5 50.Rh5 Rg4
51.Qf1 Qf6 52.Kh2 Kc8 53.Rh3 Kb7 54.Rg3 Qh8+ 55.Rh3 Qe5+ 56.Kh1 Qb2 57.Rh2 Qf6
58.Qd1 Rg6 59.a3 Kc8 60.Rg2 Rh6+ 61.Kg1 Qh8 62.Qg4+ Kb7 63.f4 exf3  0-1

[Event "Cannes Generations"]
[Site "Cannes"]
[Date "1998.??.??"]
[Round "7"]
[White "Gligoric, Svetozar"]
[Black "Bacrot, Etienne"]
[Result "1/2-1/2"]
[WhiteElo "2480"]
[BlackElo "2565"]

1.d4 Nf6 2.c4 e6 3.Nc3 Bb4 4.e3 O-O 5.Bd3 c5 6.Nf3 d5 7.O-O dxc4 8.Bxc4 Nbd7
9.Qe2 b6 10.Rd1 cxd4 11.exd4 Bb7 12.Bd2 Rc8 13.Bd3 Be7 14.Rac1 Nd5 15.Bb1 N7f6
16.Re1 Qd6 17.Nb5 Qb8 18.Ne5 Rxc1 19.Rxc1 a6 20.Nc3 Qa8 21.f3 Nxc3 22.bxc3 Rd8
23.Bg5 h6 24.Bh4 b5 25.Qc2 Kf8 26.a4 Bd5 27.axb5 axb5 28.Qe2 Qa3 29.Qe1 Nd7
30.Bxe7+ Kxe7 31.Nd3 Rc8 32.Nb4 Nb6 33.Bd3 Bc4 34.Ra1 Qb2 35.Rb1 Qa3 36.Ra1 Qb2
37.Rb1 Qa3  1/2-1/2

[Event "Cannes Generations"]
[Site "Cannes"]
[Date "1998.??.??"]
[Round "8"]
[White "Bacrot, Etienne"]
[Black "Spassky, Boris V"]
[Result "1/2-1/2"]
[WhiteElo "2565"]
[BlackElo "2535"]

1.d4 Nf6 2.Nf3 d5 3.c4 e6 4.Nc3 Be7 5.Bg5 h6 6.Bh4 O-O 7.e3 b6 8.Rc1 Bb7
9.Bxf6 Bxf6 10.cxd5 exd5 11.Be2 Qe7 12.O-O Rd8 13.Ne1  1/2-1/2

[Event "Mermaid Beach Club"]
[Site "Bermuda"]
[Date "1999.01.23"]
[Round "3"]
[White "Bacrot, Etienne"]
[Black "Pelletier, Yannick"]
[Result "1-0"]
[WhiteElo "2561"]
[BlackElo "2483"]

1.d4 Nf6 2.c4 e6 3.Nf3 b6 4.g3 Bb7 5.Bg2 Be7 6.O-O O-O 7.Nc3 Na6 8.d5 Bb4
9.Bd2 Nc5 10.Ne1 Re8 11.Rc1 exd5 12.cxd5 Qe7 13.Nc2 Bxc3 14.Bxc3 Qxe2 15.Bxf6 gxf6
16.Ne3 Qxd1 17.Rfxd1 a5 18.Rc4 d6 19.Rh4 Bc8 20.Rdd4 Bd7 21.Bf3 Re5 22.Bd1 Kg7
23.Bc2 h6 24.Rdf4 Rh8 25.Rf3 h5 26.Rhf4 Rh6 27.b3 Bg4 28.Nxg4 hxg4 29.Rxg4+ Kf8
30.Rd4 Re2 31.Rc3 Rh5 32.a3 Rhe5 33.b4 axb4 34.axb4 Ne4 35.Bxe4 R5xe4 36.Rdd3 Rxb4
37.Rxc7 b5 38.Rd7 Rb1+ 39.Kg2 b4 40.Rxd6 b3 41.Rxf6 b2 42.Rb6 Rc1 43.d6  1-0

[Event "Mermaid Beach Club"]
[Site "Bermuda"]
[Date "1999.01.25"]
[Round "5"]
[White "Bacrot, Etienne"]
[Black "Gretarsson, Helgi Ass"]
[Result "1/2-1/2"]
[WhiteElo "2561"]
[BlackElo "2459"]

1.d4 d5 2.c4 c6 3.Nc3 dxc4 4.e4 b5 5.a4 b4 6.Na2 Nf6 7.e5 Nd5 8.Bxc4 e6 9.Qg4 Qa5
10.b3 Nb6 11.Bd3 Qd5 12.Bc2 h5 13.Qe4  1/2-1/2

[Event "Mermaid Beach Club"]
[Site "Bermuda"]
[Date "1999.01.26"]
[Round "6"]
[White "Ashley, Maurice"]
[Black "Bacrot, Etienne"]
[Result "0-1"]
[WhiteElo "2473"]
[BlackElo "2561"]

1.e4 e5 2.Nf3 Nc6 3.d4 exd4 4.Nxd4 Bb4+ 5.c3 Bc5 6.Bb5 Nge7 7.O-O O-O 8.Bg5 Bb6
9.Re1 Nxd4 10.cxd4 d5 11.Nc3 f6 12.Be3 Kh8 13.Qd2 c6 14.Bd3 dxe4 15.Bxe4 Bf5
16.Bf3 Be6 17.Na4 Bd5 18.Bg4 Ng6 19.Nc5 f5 20.Bg5 Ba5  0-1

[Event "Mermaid Beach Club"]
[Site "Bermuda"]
[Date "1999.01.28"]
[Round "8"]
[White "Elbilia, Jacques"]
[Black "Bacrot, Etienne"]
[Result "0-1"]
[WhiteElo "2360"]
[BlackElo "2561"]

1.d4 Nf6 2.c4 g6 3.Nc3 Bg7 4.e4 d6 5.h3 O-O 6.Nf3 Nbd7 7.Bg5 c5 8.d5 Qa5
9.Bd3 b5 10.cxb5 a6 11.O-O axb5 12.Bxb5 h6 13.Bxd7 Bxd7 14.Bd2 Qb6 15.b3 Ne8
16.Re1 Nc7 17.e5 Bf5 18.Bf4 g5 19.Bg3 Qb4 20.Qd2 Rfd8 21.Rac1 Bg6 22.Na4 Na6
23.Qe3 Qb7 24.e6 Rf8 25.h4 g4 26.Nh2 f5 27.Bf4 Nb4 28.Bxh6 f4 29.Bxf4 Nxd5
30.Qg3 Rxf4 31.Nxg4 Bh5 32.Nh6+ Kh7 33.Nf7 Bxf7 34.exf7 Rxf7 35.Rcd1 Nb4  0-1

[Event "Mermaid Beach Club"]
[Site "Bermuda"]
[Date "1999.02.03"]
[Round "12"]
[White "Chandler, Murray G"]
[Black "Bacrot, Etienne"]
[Result "1/2-1/2"]
[WhiteElo "2520"]
[BlackElo "2561"]

1.e4 c5 2.Nf3 d6 3.d4 cxd4 4.Nxd4 Nf6 5.Nc3 Nc6 6.Be2 e5 7.Nf3 h6 8.O-O Be7
9.Re1 O-O 10.h3 a6 11.Nh2 Be6 12.Ng4 Nd4 13.Nxf6+ Bxf6 14.Bf1 Bg5 15.Be3 Bxe3
16.Rxe3 Rc8 17.Bd3 Qb6 18.Rb1 f5 19.exf5 Nxf5 20.Bxf5 Rxf5 21.Qd2 d5 22.Nxd5 Qd8
23.Rd1 Qxd5 24.Qxd5 Bxd5 25.Rxd5 Rxc2 26.Rd8+ Kh7 27.Rd7 Rxb2 28.Rg3 Rg5
29.Rb3 Rxa2 30.Rbxb7 a5 31.Ra7 a4 32.Rdc7 Ra1+  1/2-1/2

[Event "Chess Masters 3rd"]
[Site "Enghien-les-Bains"]
[Date "1999.03.09"]
[Round "6"]
[White "Sadler, Matthew"]
[Black "Bacrot, Etienne"]
[Result "1/2-1/2"]
[WhiteElo "2667"]
[BlackElo "2561"]

1.c4 Nf6 2.Nc3 e5 3.Nf3 Nc6 4.e4 d6 5.d3 g6 6.g3 Bg7 7.Bg2 O-O 8.O-O a6 9.h3 Rb8
10.Be3 b5 11.Qd2 Nd7 12.Rac1 bxc4 13.dxc4 Nc5 14.b3 Bb7 15.Kh2 Ne6 16.Ng5 Ncd4
17.Nxe6 Nxe6 18.Bh6 c5 19.Bxg7 Kxg7 20.f4 Nd4 21.Rf2 Bc6 22.Rcf1 f6 23.g4 Qe7
24.Ne2 Nxe2 25.Rxe2 a5 26.f5 a4 27.Re3 axb3 28.axb3 g5 29.Rd1 Rfd8 30.Rd3 Be8
31.Rxd6 Rxd6 32.Qxd6 Qxd6 33.Rxd6 Rxb3 34.Rd5 Rb6 35.Rxc5  1/2-1/2

[Event "Chess Masters 3rd"]
[Site "Enghien-les-Bains"]
[Date "1999.03.11"]
[Round "8"]
[White "Rausis, Igors"]
[Black "Bacrot, Etienne"]
[Result "1/2-1/2"]
[WhiteElo "2508"]
[BlackElo "2561"]

1.e4 e5 2.Nf3 Nc6 3.Bb5 a6 4.Bxc6 dxc6 5.O-O Bg4 6.h3 h5 7.d3 Qf6 8.Be3 Bxf3
9.Qxf3 Qxf3 10.gxf3 Bd6 11.Nd2 Ne7 12.Nc4 Ng6 13.Rfd1 b5 14.Nd2 Kd7 15.Kf1 Nf8
16.Nb3 Ne6 17.d4 exd4 18.Nxd4 Nxd4 19.Bxd4 f6 20.f4 Rhe8 21.f3 Kc8 22.e5 Be7
23.Re1 Rf8 24.Rad1 Kb7 25.Bc3 fxe5 26.Bxe5 Bh4 27.Re4 Rf7 28.Ke2 Bg3 29.f5 Bxe5
30.Rxe5 Raf8 31.Rg1 Rd8 32.Rg5 Rfd7 33.Kf2 Rh8 34.Re2 h4 35.Rg4 Rh5 36.Rf4 a5
37.Ree4 Rd2+ 38.Re2 Rd7 39.Ree4 Rd2+ 40.Re2  1/2-1/2

[Event "Chess Masters 3rd"]
[Site "Enghien-les-Bains"]
[Date "1999.03.12"]
[Round "9"]
[White "Bacrot, Etienne"]
[Black "Tkachiev, Vladislav"]
[Result "0-1"]
[WhiteElo "2561"]
[BlackElo "2634"]

1.d4 d6 2.Nf3 g6 3.c4 Bg4 4.Qb3 Qc8 5.h3 Bxf3 6.Qxf3 Bg7 7.e3 e5 8.dxe5 Bxe5
9.Nc3 Bxc3+ 10.bxc3 Nc6 11.c5 dxc5 12.Ba3 Qe6 13.Bb5 Nf6 14.Bxc5 Ne4 15.Bd4 O-O
16.Qf4 Nxd4 17.cxd4 Nc3 18.Bd3 Rfd8 19.O-O c5 20.Rfc1 cxd4 21.exd4 Nd5 22.Qf3 Rd7
23.Bb5 Rd6 24.Re1 Qf6 25.Qxf6 Rxf6 26.Bc4 Rd8 27.Bb3 Rd7 28.Rad1 Kf8 29.Rd2 a6
30.Rb1 Ne7 31.Bd1 Rfd6 32.Bf3 b5 33.Rb4 Nc6 34.Bxc6 Rxc6 35.d5 Rcd6 36.Rbd4 a5
37.Kf1 b4 38.Ke2 Ke7 39.Ke3 Rc7 40.Ke4 Rc3 41.R4d3 Rc1 42.Kd4 Rf6 43.a3 Kd6
44.g3 Rf5 45.axb4 axb4  0-1

[Event "Lausanne YM Pool A"]
[Site "Lausanne"]
[Date "1999.05.12"]
[Round "1"]
[White "Bunzmann, Dimitrij"]
[Black "Bacrot, Etienne"]
[Result "1/2-1/2"]
[WhiteElo "2555"]
[BlackElo "2561"]

1.c4 e5 2.g3 c6 3.d4 Bb4+ 4.Bd2 Bxd2+ 5.Qxd2 d6 6.Nc3 Nf6 7.Bg2 O-O 8.e4 Nbd7
9.Nf3 b5 10.cxb5 cxb5 11.O-O Bb7 12.Nh4 Nb6 13.Nxb5 Bxe4 14.Bxe4 Nxe4 15.Qe2 Ng5
16.dxe5 dxe5 17.Qxe5 Nc4 18.Qd4 Qxd4  1/2-1/2

[Event "Lausanne YM Pool A"]
[Site "Lausanne"]
[Date "1999.05.13"]
[Round "3"]
[White "Sadvakasov, Darmen"]
[Black "Bacrot, Etienne"]
[Result "1-0"]
[WhiteElo "2487"]
[BlackElo "2561"]

1.e4 e5 2.Nf3 Nc6 3.Bc4 Nf6 4.d3 h6 5.O-O d6 6.c3 g6 7.d4 Qe7 8.Re1 Bg7 9.Nbd2 O-O
10.h3 Kh8 11.Nf1 exd4 12.Nxd4 Nxd4 13.cxd4 d5 14.exd5 Qd7 15.Qf3 Kh7 16.Bb3 a5
17.a3 Rd8 18.Ne3 Re8 19.Rd1 Ra6 20.Bc2 a4 21.Bd2 b6 22.d6 cxd6 23.d5 Qd8
24.Bd3 Ra7 25.Rac1 Rae7 26.Bb4 Ne4 27.Bxe4 Rxe4 28.Rc6 Bb7 29.Rxd6 Qc7 30.Ng4 Rxb4
31.Nf6+ Bxf6 32.Rxf6 Bxd5 33.Qxd5 Rf4 34.Qd6 Qxd6 35.Rdxd6 Rxf6 36.Rxf6 Kg7
37.Rxb6 Re2 38.g4 Rd2 39.Kg2 Rd3 40.h4 Rd4 41.Kg3 Rd3+ 42.f3 Rd4 43.Kf2 Rd2+
44.Ke3 Rh2 45.Rb4 Rg2 46.Kd4 Rc2 47.Rxa4 Rxb2 48.Rb4 Rh2 49.a4 Rxh4 50.a5 h5
51.Kc5 Rh1 52.gxh5 gxh5 53.a6 Ra1 54.Kb6 Kg6 55.a7 f5 56.f4 h4 57.Rb5 h3
58.Ra5 Rb1+ 59.Kc5  1-0

[Event "Lausanne YM sf"]
[Site "Lausanne"]
[Date "1999.05.15"]
[Round "1"]
[White "Bacrot, Etienne"]
[Black "Pelletier, Yannick"]
[Result "1/2-1/2"]
[WhiteElo "2561"]
[BlackElo "2483"]

1.Nf3 d5 2.d4 Nf6 3.c4 c6 4.e3 Bf5 5.cxd5 cxd5 6.Qb3 Qc7 7.Bd2 e6 8.Bb5+ Nc6
9.Bb4 Bd6 10.O-O O-O 11.Bxc6 bxc6 12.Bxd6 Qxd6 13.Nbd2 Nd7 14.Rfc1  1/2-1/2

[Event "Lausanne YM sf 5'"]
[Site "Lausanne"]
[Date "1999.05.15"]
[Round "4"]
[White "Pelletier, Yannick"]
[Black "Bacrot, Etienne"]
[Result "0-1"]
[WhiteElo "2483"]
[BlackElo "2561"]

1.Nf3 d5 2.d4 c6 3.c4 e6 4.Nc3 dxc4 5.a4 Bb4 6.e3 b5 7.g3 Bb7 8.Bg2 Nd7 9.O-O a6
10.h4 Ngf6 11.Ng5 Qb6 12.Bd2 Be7 13.f4 h6 14.Nf3 c5 15.axb5 axb5 16.Rxa8+ Bxa8
17.dxc5 Bxc5 18.Qe2 O-O 19.Kh1 Ne4 20.Kh2 Ndf6 21.Nxe4 Bxe4 22.Ne5 Bxg2 23.Kxg2 Bd6
24.Bc3 Bxe5 25.Bxe5 Qc6+ 26.Kh2 Ne4 27.Rd1 b4 28.h5 f6 29.Bd4 Rc8 30.Qc2 c3
31.bxc3 bxc3 32.Rb1 Nd2 33.Bxf6 Nxb1 34.Bxg7 Kxg7 35.Qg6+ Kf8 36.Qf6+ Ke8
37.Qh8+ Kd7 38.Qg7+ Kd8 39.Qf6+ Kc7 40.Qe5+ Kb7 41.Qg7+ Rc7  0-1

[Event "FRA-ch G2"]
[Site "Bescanon"]
[Date "1999.08.16"]
[Round "1"]
[White "Bacrot, Etienne"]
[Black "Lepelletier, Benoit"]
[Result "1-0"]
[WhiteElo "2592"]
[BlackElo "2468"]

1.d4 e6 2.c4 Bb4+ 3.Bd2 Bxd2+ 4.Qxd2 f5 5.g4 fxg4 6.h3 e5 7.hxg4 exd4 8.Qxd4 Qf6
9.Qd2 Ne7 10.e3 d6 11.f3 Nbc6 12.Nc3 Be6 13.O-O-O O-O-O 14.Nd5 Qf7 15.Be2 Kb8
16.f4 h6 17.Nh3 Bc8 18.Rhf1 Nxd5 19.cxd5 Ne7 20.Nf2 c5 21.Kb1 b6 22.Ka1 Rhe8
23.e4 Ng6 24.f5 Ne5 25.g5 hxg5 26.Qxg5 Rh8 27.Nd3 Qf6 28.Qg3 Nxd3 29.Bxd3 Rde8
30.Rh1 Kc7 31.Rxh8 Rxh8 32.Rg1 Rg8 33.Qg6 Qd4 34.Bb1 c4 35.e5 Qxe5 36.Qf7+ Bd7
37.Qxg8 c3 38.Rc1  1-0

[Event "FRA-ch G2"]
[Site "Bescanon"]
[Date "1999.08.17"]
[Round "2"]
[White "Boudre, Jean Pierre"]
[Black "Bacrot, Etienne"]
[Result "1/2-1/2"]
[WhiteElo "2397"]
[BlackElo "2592"]

1.e4 e5 2.Nf3 Nc6 3.Bb5 a6 4.Ba4 Nf6 5.O-O b5 6.Bb3 Bc5 7.a4 Rb8 8.c3 d6
9.d4 Bb6 10.Na3 O-O 11.axb5 axb5 12.Nxb5 Bg4 13.Ra4 Qe8 14.Bc2 Bd7 15.Ra1 Bg4
16.d5 Ne7 17.c4 Ng6 18.h3 Bd7 19.Nc3 Nh5 20.b4 Nhf4 21.Be3 Qe7 22.Na4 Bxe3
23.fxe3 Nh5 24.Qe1 Nf6 25.Nb2 h5 26.Qc3 h4 27.Nd1 Nh5 28.Nf2 Ng3 29.Rfe1 f5
30.exf5 Bxf5 31.Bxf5 Rxf5 32.Ng4 Rbf8 33.Qc2 Qf7 34.Kh2 Qe7 35.c5 e4 36.Nd4 Rxd5
37.Qc4 Qf7 38.cxd6 Rxd6 39.Qxf7+ Rxf7 40.Rec1 Kh7 41.Rc4 Nf1+ 42.Kg1 Ng3
43.Rc5 Nf4 44.Kh2 Ne6 45.Nxe6 Rxe6 46.Kg1 Ra6 47.Rca5 Rb6 48.R5a4 Rf5 49.Ra7 c6
50.Rc7 Rfb5 51.Nf6+ Kh6 52.Nd7 Rb7 53.Rxc6+ Kh5 54.Nc5 Rf7 55.Ne6 g5 56.Rc5 Rxc5
57.bxc5 Ne2+ 58.Kh2 Re7 59.Nd4 Nxd4 60.exd4 Rd7 61.Ra4 e3 62.Kg1 Rf7 63.Ra2 Rd7
64.Ra4 Rf7 65.c6 Rf2 66.Rc4 Rd2 67.c7 Rd1+ 68.Kh2  1/2-1/2

[Event "FRA-ch G2"]
[Site "Bescanon"]
[Date "1999.08.21"]
[Round "6"]
[White "Bacrot, Etienne"]
[Black "Hauchard, Arnaud"]
[Result "1/2-1/2"]
[WhiteElo "2592"]
[BlackElo "2518"]

1.d4 d5 2.c4 c6 3.Nc3 dxc4 4.e3 b5 5.a4 b4 6.Na2 e6 7.Bxc4 Nf6 8.Nf3 Be7
9.O-O O-O 10.Qe2 a5 11.Rd1 Nbd7 12.b3 Bb7 13.Bb2 Qb6 14.Nc1 c5 15.Nd3 Rac8
16.Rac1 Rfd8 17.Bb5 Bd5 18.Nd2 cxd4 19.Bxd4 Qb8 20.e4 Rxc1 21.Rxc1 Bb7 22.f3 Qa8
23.Kf1 Nf8 24.Be3 Rc8 25.Rd1 Bd8 26.Nc4 Qb8 27.g3 Bc7 28.Nc5 Rd8 29.Rxd8 Bxd8
30.Bf4 Qc8 31.Nxb7 Qxb7 32.Qd3 Qc8 33.Qd6 Ng6 34.Be3 Bc7 35.Qd2 h5 36.Kg2 h4
37.Qd4 Qb8 38.Qa7 Qd8 39.Qd4 Qb8 40.Qa7 Qd8 41.Nd2 hxg3 42.hxg3 Nh5 43.Nf1 Be5
44.Be2 Bc7 45.f4 Nf6 46.Nd2 Nf8 47.Bf3 N6d7 48.Nc4 g5 49.e5 gxf4 50.gxf4 Ng6
51.Be4 Ndf8 52.Qc5 Nh4+ 53.Kg3 Nhg6 54.Kg2 Nh4+ 55.Kg3 Nhg6 56.Kg2  1/2-1/2

[Event "FRA-ch G2 playoff"]
[Site "Bescanon"]
[Date "1999.08.23"]
[Round "1"]
[White "Fressinet, Laurent"]
[Black "Bacrot, Etienne"]
[Result "1-0"]
[WhiteElo "2440"]
[BlackElo "2592"]

1.e4 e5 2.Nf3 Nc6 3.Bb5 a6 4.Bxc6 dxc6 5.O-O Bg4 6.h3 h5 7.d3 Qf6 8.Nbd2 Ne7
9.Re1 Ng6 10.d4 Nf4 11.hxg4 hxg4 12.g3 gxf3 13.Qxf3 Ne6 14.dxe5 Qxe5 15.Qf5 Qc5
16.Nf3 g6 17.Qxc5 Bxc5 18.Be3 Bxe3 19.Rxe3 Rd8 20.Ree1 c5 21.Red1 Ke7 22.c3 Rd6
23.Kf1 g5 24.Ne5 b5 25.Ke2 c4 26.a4 Kf6 27.Ng4+ Ke7 28.Rxd6 Kxd6 29.Rd1+ Ke7
30.Ne5 Kf6 31.Rd5 bxa4 32.Nxc4 c5 33.Rd6 Ra8 34.f4 gxf4 35.gxf4 Ke7 36.f5 Ng5
37.e5 a3 38.Nxa3 Rh8 39.Nc4 Rh4 40.Kd3 Nf3 41.f6+ Ke8 42.b3 Rh3 43.Ke4 Ng5+
44.Kd5 Rxc3 45.Rb6 Rd3+ 46.Kxc5 Ne6+ 47.Kb4 Nc7 48.Rb7 Nb5 49.Ka5 Rxb3 50.Kxa6 Nd4
51.Nd6+ Kf8 52.Rxf7+ Kg8 53.Rg7+ Kf8 54.Re7 Rb8 55.e6 Rd8 56.Rf7+ Kg8 57.Rg7+  1-0

[Event "FRA-ch G2 playoff"]
[Site "Bescanon"]
[Date "1999.08.23"]
[Round "2"]
[White "Bacrot, Etienne"]
[Black "Fressinet, Laurent"]
[Result "1-0"]
[WhiteElo "2592"]
[BlackElo "2440"]

1.d4 d5 2.c4 c6 3.Nc3 Nf6 4.e3 a6 5.Bd3 dxc4 6.Bxc4 b5 7.Bb3 e6 8.Nf3 c5
9.a4 b4 10.Ne2 Bb7 11.O-O Bxf3 12.gxf3 Nbd7 13.e4 cxd4 14.Nxd4 Bc5 15.Be3 O-O
16.Rc1 Qb6 17.a5 Qxa5 18.Nc6 Qb5 19.Ba4 Qb6 20.Rxc5 Nxc5 21.Qd6 Nfd7 22.Bxc5 Qxc5
23.Qxd7 a5 24.Rd1 Qh5 25.Kg2 Kh8 26.Qe7 Qg6+ 27.Kf1 Qf6 28.Qxf6 gxf6 29.Rd7 Kg7
30.Ke2 Kg6 31.f4 Ra6 32.Ke3 Kh5 33.Nd8 Kg6 34.Nc6 Kh5 35.f3 Rc8 36.Nd4 Kg6
37.f5+ exf5 38.Nxf5 Rb6 39.Bb3 Rf8 40.Nd6 Rbb8 41.Bxf7+ Rxf7 42.Nxf7 a4 43.Nd6 a3
44.Nf5 axb2 45.Rg7+ Kh5 46.Rxh7+ Kg6 47.Rg7+ Kh5 48.Rg1 Rc8 49.Rb1 Rc2 50.Ng3+ Kh4
51.Ne2 Kh3 52.Nf4+ Kxh2 53.Nd3  1-0

[Event "FRA-ch G2 playoff"]
[Site "Bescanon"]
[Date "1999.08.23"]
[Round "3"]
[White "Bacrot, Etienne"]
[Black "Fressinet, Laurent"]
[Result "0-1"]
[WhiteElo "2592"]
[BlackElo "2440"]

1.d4 d5 2.c4 c6 3.Nc3 Nf6 4.e3 a6 5.Qc2 Bg4 6.Nf3 Bxf3 7.gxf3 e6 8.f4 Nbd7
9.cxd5 cxd5 10.f5 e5 11.dxe5 Nxe5 12.Bg2 Bd6 13.O-O O-O 14.f4 Nc6 15.Rd1 d4
16.Bxc6 bxc6 17.Rxd4 Qe7 18.Ne4 Rad8 19.Nxf6+ Qxf6 20.Bd2 Bc7 21.Bc3 Bb6
22.Rxd8 Bxe3+ 23.Kh1 Qxd8 24.Rd1 Qh4 25.Qg2 Qh6 26.f6 g6 27.f5 Bf4 28.fxg6 hxg6
29.h3 Re8 30.Rd3 Qh5 31.Qf3 Qg5 32.Qg4 Qb5 33.Rd1 Bh6 34.Qf3 Re3 35.Qg4 Qb8
36.Kg2 Bf4 37.Kf2 Rg3 38.Qd7 Be3+ 39.Ke2 Qb5+ 40.Rd3 Qh5+  0-1

[Event "FRA-ch G2 playoff"]
[Site "Bescanon"]
[Date "1999.08.23"]
[Round "5"]
[White "Bacrot, Etienne"]
[Black "Fressinet, Laurent"]
[Result "1-0"]
[WhiteElo "2592"]
[BlackElo "2440"]

1.d4 d5 2.c4 c6 3.Nc3 Nf6 4.Nf3 dxc4 5.a4 Bg4 6.Ne5 Bh5 7.h3 e6 8.g4 Bg6
9.e3 Na6 10.Bxc4 Nb4 11.O-O Nd7 12.Nxg6 hxg6 13.Qf3 Bd6 14.a5 b5 15.axb6 axb6
16.Rxa8 Qxa8 17.Bd2 O-O 18.Kg2 Nf6 19.g5 Nd7 20.Ne4 Be7 21.h4 Nd5 22.h5 c5
23.Rh1 Qc6 24.Bd3 c4 25.Bb1 b5 26.Qh3 Rc8 27.hxg6 fxg6 28.Kg1 Kf7 29.Ng3 c3
30.Bxg6+  1-0

[Event "FRA-ch G2 playoff"]
[Site "Bescanon"]
[Date "1999.08.23"]
[Round "6"]
[White "Fressinet, Laurent"]
[Black "Bacrot, Etienne"]
[Result "0-1"]
[WhiteElo "2440"]
[BlackElo "2592"]

1.e4 e5 2.Nf3 Nc6 3.Bb5 a6 4.Bxc6 dxc6 5.O-O Ne7 6.Nxe5 Qd4 7.Qh5 g6 8.Qg5 Bg7
9.Nd3 f5 10.e5 c5 11.b3 b6 12.Nc3 Bb7 13.Bb2 Qg4 14.Qxg4 fxg4 15.Rfe1 O-O-O
16.Ne4 Rhf8 17.Rad1 Nf5 18.e6 Bxb2 19.Nxb2 Rde8 20.Ng3 Nd4 21.c3 Nxe6 22.Nd3 h5
23.Re3 Ng7 24.Rde1 Rd8 25.R1e2 h4 26.Ne5 hxg3 27.Rxg3 Nh5 28.Rxg4 Nf4 29.Re1 Rxd2
30.f3 Rd6 31.h4  0-1

[Event "FRA-ch 2nd stage"]
[Site "Bescanon"]
[Date "1999.08.24"]
[Round "1.2"]
[White "Bacrot, Etienne"]
[Black "Anic, Darko"]
[Result "1-0"]
[WhiteElo "2592"]
[BlackElo "2467"]

1.d4 Nf6 2.c4 e6 3.Nc3 d5 4.Bg5 c6 5.cxd5 exd5 6.e3 Bf5 7.Qf3 Bg6 8.Bxf6 gxf6
9.h4 h5 10.Nh3 Bd6 11.Nf4 Nd7 12.O-O-O Qe7 13.Bd3 Rh6 14.e4 dxe4 15.Bxe4 O-O-O
16.Rhe1 Bxe4 17.Nxe4 Nb6 18.Nxh5 Nd5 19.Nc3 Qc7 20.Nxd5 cxd5+ 21.Kb1 Kb8
22.Nxf6 Rxh4 23.g3 Rh2 24.Ne8 Qd7 25.Nxd6 Qxd6 26.Qxf7 Rhh8 27.Qe6 Qb4 28.a3 Qa4
29.Qe2 Rh2 30.Rh1 Rxh1 31.Qe5+ Ka8 32.Rxh1 Qc4 33.Qe3 a6 34.Re1 Qa4 35.Qd3 Rc8
36.Re5 Qc6 37.Ka2 Qc1 38.Qb3 Qf1 39.Re7 Rb8 40.f4 Qf2 41.Rd7 Qxd4 42.Qxd5 Qf2
43.Rd6 Qf1 44.Rd8 Qf2 45.Rxb8+ Kxb8 46.Qe5+ Ka7 47.f5 Qd2 48.f6 Qd3 49.Qc5+  1-0

[Event "FRA-ch 2nd stage"]
[Site "Bescanon"]
[Date "1999.08.24"]
[Round "1.1"]
[White "Anic, Darko"]
[Black "Bacrot, Etienne"]
[Result "1/2-1/2"]
[WhiteElo "2467"]
[BlackElo "2592"]

1.Nf3 g6 2.d4 Nf6 3.c4 Bg7 4.g3 c6 5.Bg2 d5 6.Qb3 a5 7.Nc3 a4 8.Qb4 O-O 9.O-O dxc4
10.Qxc4 Qa5 11.h3 Nbd7 12.e4 b5 13.Qd3 b4 14.Ne2 Ba6  1/2-1/2

[Event "FRA-ch fin stage"]
[Site "Bescanon"]
[Date "1999.08.25"]
[Round "1.1"]
[White "Marciano, David"]
[Black "Bacrot, Etienne"]
[Result "1/2-1/2"]
[WhiteElo "2529"]
[BlackElo "2592"]

1.e4 e5 2.Nf3 Nc6 3.Bb5 a6 4.Bxc6 dxc6 5.O-O f6 6.d4 exd4 7.Nxd4 c5 8.Nb3 Qxd1
9.Rxd1 Bg4 10.f3 Bd7 11.Nc3 O-O-O 12.Bf4 c4 13.Na5 b5 14.Nd5 Bc5+ 15.Kf1 Ne7
16.Bxc7 Nxd5 17.Rxd5 Kxc7 18.Rxc5+ Kb6 19.b4 cxb3 20.Nxb3 Be6 21.Rc3 a5 22.a4 Rc8
23.Rxc8 Rxc8 24.Nd4 Bc4+ 25.Ke1 b4  1/2-1/2